000 00670nam a2200229Ia 4500
005 20250508164109.0
008 008 250505s9999 xx 000 0 eng d
020 _a0-7494-3881-9
037 _aReference
040 _aFEDL
_beng
_cFEDL
041 _aeng
_2eng
084 _a378.125, KAH
_qFEDL
100 _aKahn Peter Ed.
_9777311
245 0 _aGuide to staff and educational development
260 _aLondon, UK
_bKogan Page
_c2003
300 _aviii,262p
365 _aGBP
_b22.5
650 _aHigher education - Career development
_9777312
700 _a Baume David Ed.
_9777313
942 _cREF
_h378.125, KAH
999 _c1387031
_d1387031